Detalles MARC
| 000 -LÍDER |
| Campo fijo de descripción fija |
02331nam a2200325 i 4500 |
| 001 - NÚMERO DE CONTROL |
| Campo de control |
768714001 |
| 003 - IDENTIFICADOR DEL NÚMERO DE CONTROL |
| Campo de control |
CO-MdFUSB |
| 005 - FECHA Y HORA DE LA ULTIMA TRANSACCIÓN |
| control field |
20231123155221.0 |
| 007 - CAMPO FIJO DE DESCRIPCIÓN FIJA--INFORMACIÓN GENERAL |
| Campo fijo de descripción fija |
ta |
| 008 - ELEMENTOS DE LONGITUD FIJA -- INFORMACIÓN GENERAL |
| Campo fijo de descripción fija -- Información general |
200706t1996 ck |||| |||| 00| 0 spa d |
| 020 ## - NÚMERO INTERNACIONAL NORMALIZADO PARA LIBROS |
| Número Internacional Normalizado del libro |
[No incluye ISBN] |
| 040 ## - FUENTE DE CATALOGACIÓN |
| Agencia de catalogación original |
CO-MdFUSB |
| Idioma de catalogación |
spa |
| Agencia que realiza la transcripción |
CO-MdFUSB |
| Agencia que realiza la modificación |
CO-MdFUSBC |
| Convenciones de la descripción |
rda |
| 041 ## - CÓDIGO DE IDIOMA |
| Código de idioma para texto/pista de sonido o título separado |
spa |
| 082 ## - NÚMERO DE CLASIFICACIÓN DECIMAL DEWEY |
| Número de la edición del Dewey |
23 |
| Número de clasificación |
230.5 |
| Clave de autor-Numero de item |
D542 |
| 100 ## - ASIENTO PRINCIPAL--NOMBRE PERSONAL |
| Nombre personal |
Diaz Payares, Carlos Andres |
| Término relacionador |
autor |
| 245 1# - TÍTULO |
| Título del Material |
Manual de doctrina |
| Parte restante del título - Subtitulo |
: Asociación de Iglesias Evangélicas Interamericanas de Colombia |
| Mención de responsabilidad, etc. |
/ Carlos Andres Diaz Payares , Humberto García , Octavio Areiza Montoya |
| 264 #1 - PRODUCCIÓN, PUBLICACIÓN, DISTRIBUCIÓN, MANUFACTURA, Y COPYRIGHT |
| Lugar de producción, publicación, distribución, manufactura |
Medellín, Colombia : |
| Nombre del productor, publicador, distribuidor |
Asodieico, |
| Fecha de producción, publicación, distribución, manufactura, o copyright |
[1996] |
| 264 #4 - PRODUCCIÓN, PUBLICACIÓN, DISTRIBUCIÓN, MANUFACTURA, Y COPYRIGHT |
| Fecha de producción, publicación, distribución, manufactura, o copyright |
©1996 |
| 300 ## - DESCRIPCIÓN FÍSICA |
| Dimensiones |
94 páginas ; |
| Extensión |
21 cm |
| 336 ## - TIPO DE CONTENIDO |
| Fuente |
rdacontent |
| Término de tipo de contenido |
texto |
| Código de tipo de contenido |
txt |
| 337 ## - TIPO DE MEDIO |
| Fuente |
rdamedia |
| Nombre del tipo de medio |
sin mediación |
| Código del tipo de medio |
n |
| 338 ## - TIPO DE SOPORTE |
| Fuente |
rdacarrier |
| Nombre del tipo de soporte |
volumen |
| Código Tipo de soporte |
nc |
| 505 ## - NOTA DE CONTENIDO |
| Nota de contenido con formato preestablecido |
Introducción -- Definición -- Objetivos -- Justificación -- Las sagradas escrituras - Dios - Satanás -- Las sagradas escrituras -- Dios -- Creador y sustentador del universo -- Dios presente -- Dios, Señor de la historia -- Nombres de Dios en el Antiguo Testamento -- Elohim -- Jehová -- El -- Adonái -- Padre -- Dios padre, hijo y espíritu santo -- Atributos de Dios -- Justicia de Dios -- Misericordia de Dios -- Bondad de Dios -- Amor de Dios -- Verdad de Dios -- Santidad de Dios -- Implicaciones -- El hijo de Dios y la salvación -- El problema de la humanidad -- El hijo de Dios -- Nombres del hijo de Dios -- Jesús -- Cristo -- Señor -- El Alfa y el Omega -- El hijo del hombre -- El hijo de David -- Hijo de Dios -- La obra salvadora de Cristo -- Respuesta del hombre a la obra salvadora de Dios -- El espiritu santo -- El fruto del espiritu santo -- Los dones del espiritu de santo -- Dones ministreriales -- Apóstol -- Profeta -- Evangelista -- Pastro/Maestro -- Dones funcionales -- Profecia -- Servicio -- Enseñanza -- Exhortación -- Repartición -- Presidencia -- Misericordia -- Dones manifestacionales -- Don de palabra de sabiduría -- Don de Fe -- Don de lenguas e interpretación -- Don de profecia -- Don de dicernimiento de espiritus -- Don de milagros -- Don de sanidad |
| 563 ## - NOTA DE ENCUADERNACIÓN |
| Nota de encuadernación |
Rústico |
| 650 #7 - ASIENTO SECUNDARIO DE MATERIA - TERMINO TEMÁTICO |
| 9 (RLIN) |
655 |
| Término temático o nombre geográfico como elemento de entrada |
Iglesia |
| 700 ## - ASIENTO SECUNDARIO - NOMBRE PERSONAL |
| 9 (RLIN) |
4580 |
| Nombre personal |
Garcia, Humberto |
| Responsabilidad |
autor |
| 700 ## - ASIENTO SECUNDARIO - NOMBRE PERSONAL |
| 9 (RLIN) |
4581 |
| Nombre personal |
Areiza Montaya, Octavio L. |
| Responsabilidad |
autor |
| 942 ## - TIPO DE MATERIAL (KOHA) |
| Tipo de Item KOHA |
Libros General |
| 945 ## - INFORMACIÓN LOCAL DEL REGISTRO |
| Catalogador |
Dani |